000 00504nam a2200193Ia 4500
005 20260429112129.0
008 260429s9999||||xx |||||||||||||| ||und||
020 _a9788119808908
041 _aEnglish
082 _a954.133
_bMIS
100 _aMishra, Baba
245 0 _aMedieval Orissa and cult of Jagannatha /
_cBaba Mishra
250 _a1st ed.
260 _aDelhi :
_bB. R. Publishing Corporation,
_c2025.
300 _a237 p.; hb
650 _a Orissa
650 _aJagannatha
942 _cTB
999 _c52506
_d52506